000 00517nam a2200181Ia 4500
003 GCL
008 140319s9999 xx 000 0 ara d
040 _aGCL /
_cGCL
082 0 4 _aط
_b925
_bد ج
100 1 _aجوزيف عبود كبة
245 1 0 _aرواد علم الفلك /
_cجوزيف عبود كبة
490 _aعباقرة العلم
_v0
650 0 4 _aالعلماء
650 0 4 _aالتراجم
650 0 4 _aالتراجم الذاتية
650 0 4 _aالرجال - تراجم
942 _2ddc
_cBK
999 _c49655
_d49655